|
|
|
|
| LEADER |
00822nab a2200205 i 4500 |
| 001 |
misc27036 |
| 005 |
20191108145942.0 |
| 008 |
170925s1971 hu o 0|| zxx d |
| 040 |
|
|
|a SZTE Miscellanea Repozitórium
|b hun
|
| 041 |
|
|
|a zxx
|
| 100 |
1 |
|
|a Varga Gyula
|
| 245 |
1 |
2 |
|a A serum-glycoprotein szint változása lynestrenollal kezelt patkányokban mellékvese-, gonád-, pajzsmirigy- és hypophysis-irtás után
|h [elektronikus dokumentum] /
|c Varga Gyula
|
| 260 |
|
|
|c 1971
|
| 300 |
|
|
|a 1-5
|
| 490 |
0 |
|
|a Kolligátum
|
| 695 |
|
|
|a Kísérleti állatok, Mellékvese, Hipofízis, Pajzsmirigy, Endokrinológia, Gyógyszerek - mellékhatás
|
| 700 |
0 |
1 |
|a László Ferenc
|e aut
|
| 700 |
0 |
1 |
|a Tiboldi Tibor
|e aut
|
| 700 |
0 |
1 |
|a Varga László
|e aut
|
| 856 |
4 |
0 |
|u http://misc.bibl.u-szeged.hu/27036/1/019_025_001-005.pdf
|z Dokumentum-elérés
|